000 00892cam a2200253 a 4500
005 20131021075952.0
008 900302s1990 mau b 001 0 eng
020 _a0669246778
020 _a066924676X
041 0 _aeng
080 _a323
_x(47+57)
245 0 4 _aThe Soviet empire :
_cedited by Uri Ra'anan.
260 _aLexington, Mass. :
_bLexington Books,
_cc1990.
300 _a 254 p. ;
_c24 cm.
504 _aIncludes bibliographical references and index.
650 0 _aPolitika e brendshme
650 0 _aNacionalizmi dhe Komunizmi
_zUnioni Sovjetik
650 0 _aNacionalizmi dhe Komunizmi
_zEuropa, Lindja.
650 0 _aDemokracia
651 0 _aSoviet Union
_xPolitika dhe qeverisja
_y1985-1991.
651 0 _aSoviet Union
_xMarëdhënie ndëkombëtare
_y1985-1991.
700 1 _aRa'anan, Uri,
_d1926-
942 _2udc
_cBK
999 _c144
_d144